[Event "World Youth U-16 Olympiad 2018"]
[Site "Konya"]
[Date "2018.11.30"]
[Round "7"]
[White "Zarubitski, Viachaslau"]
[Black "Huang, Renjie"]
[Result "1/2-1/2"]
[WhiteElo "2417"]
[BlackElo "2322"]
[Annotator "TA"]
[PlyCount "177"]
[EventDate "2018.11.25"]
[EventType "team-tourn"]
[EventCountry "TUR"]
[SourceTitle "playchess.com"]
[Source "ChessBase"]
[SourceQuality "1"]
[WhiteTeam "Belarus"]
[BlackTeam "China"]
[WhiteTeamCountry "BLR"]
[BlackTeamCountry "CHN"]

1. e4 c5 2. Nf3 d6 3. d4 cxd4 4. Nxd4 Nf6 5. Nc3 g6 6. Be3 Bg7 7. f3 O-O 8. Qd2 Nc6 9. O-O-O d5 10. exd5 Nxd5 11. Nxc6 bxc6 12. Bd4 Bxd4 13. Qxd4 Qb6 14. Na4 Qc7 15. Nc5 Rd8 16. Bc4 Bf5 17. Bb3 Qf4+ 18. Qxf4 Nxf4 19. g4 Be6 20. Nxe6 Nxe6 21. Bxe6 fxe6 22. Rxd8+ Rxd8 23. Rd1 Rd6 24. Rd3 Rxd3 25. cxd3 Kf7 26. Kd2 Kf6 27. Ke3 Kg5 28. b4 h5 29. gxh5 gxh5 30. a4 Kh4 31. Kf2 Kh3 32. Kg1 e5 33. Kh1 Kh4 34. Kg2 Kg5 35. Kg3 Kf5 36. Kf2 Kg5 37. Kg3 Kf5 38. Kg2 Kf4 39. Kf2 Kg5 40. a5 Kh4 41. Kg2 a6 42. Kf2 Kh3 43. Kg1 Kh4 44. Kg2 Kg5 45. Kg3 Kf5 46. Kf2 Ke6 47. Kg3 Kf5 48. Kg2 Ke6 49. Kh3 Kf6 50. Kh4 Kg6 51. Kg3 Kf5 52. Kf2 Ke6 53. Kg3 Kf5 54. Kg2 Ke6 55. Kf2 Kd5 56. Kg3 Kd4 57. Kh4 Kxd3 58. Kxh5 e4 59. fxe4 Kxe4 60. Kg4 e5 61. h4 Kd3 62. h5 e4 63. h6 e3 64. h7 e2 65. h8=Q e1=Q 66. Qd8+ Kc4 67. Qb6 Qe4+ 68. Kg3 Qe5+ 69. Kf3 Qb5 70. Ke3 Kxb4 71. Kd2 c5 72. Kc2 Ka4 73. Qe6 c4 74. Qb6 Qxa5 75. Qf6 Qb5 76. Qa1+ Kb4 77. Qc3+ Kc5 78. Qe3+ Kc6 79. Qe8+ Kd5 80. Qd8+ Ke4 81. Qe7+ Kf4 82. Qf6+ Ke3 83. Qe6+ Kd4 84. Qd6+ Qd5 85. Qb6+ Ke5 86. Qxa6 Qd3+ 87. Kc1 Qf1+ 88. Kc2 Qe2+ 89. Kc1 1/2-1/2

[Event "World Youth U-16 Olympiad 2018"]
[Site "Konya"]
[Date "2018.11.30"]
[Round "7"]
[White "Kosakowski, Jakub"]
[Black "Garcia de Dios, Jose Antonio"]
[Result "1-0"]
[WhiteElo "2413"]
[BlackElo "2194"]
[Annotator "TA"]
[PlyCount "81"]
[EventDate "2018.11.25"]
[EventType "team-tourn"]
[EventCountry "TUR"]
[SourceTitle "playchess.com"]
[Source "ChessBase"]
[SourceQuality "1"]
[WhiteTeam "Poland"]
[BlackTeam "Mexico"]
[WhiteTeamCountry "POL"]
[BlackTeamCountry "MEX"]

1. e4 e6 2. d3 d5 3. Nd2 Nf6 4. g3 Be7 5. Bg2 O-O 6. Ngf3 c5 7. O-O Nc6 8. Re1 b5 9. e5 Ne8 10. Nf1 Nc7 11. h4 a5 12. Bf4 b4 13. N1h2 a4 14. a3 bxa3 15. bxa3 Nb5 16. Ng4 Nbd4 17. Ng5 Nf5 18. Bd2 Ncd4 19. Ra2 Ba6 20. c3 Nb3 21. Bf4 Ra7 22. Bh3 Bb5 23. Nh2 Qa5 24. Rc2 Qa6 25. Bf1 Rd7 26. Qf3 c4 27. d4 Nbxd4 28. cxd4 Nxd4 29. Qd1 Nxc2 30. Qxc2 Bxg5 31. Bxg5 h6 32. Bc1 d4 33. Ng4 h5 34. Nf6+ gxf6 35. exf6 c3 36. Re5 Rd5 37. Rxd5 exd5 38. Qf5 Rb8 39. Bh6 Kh8 40. Bg7+ Kg8 41. Qxh5 1-0

[Event "World Youth U-16 Olympiad 2018"]
[Site "Konya"]
[Date "2018.11.30"]
[Round "7"]
[White "Garayev, Kanan"]
[Black "Mitsis, Georgios"]
[Result "0-1"]
[WhiteElo "2406"]
[BlackElo "2350"]
[Annotator "RC"]
[PlyCount "70"]
[EventDate "2018.11.25"]
[EventType "team-tourn"]
[EventCountry "TUR"]
[SourceTitle "playchess.com"]
[Source "ChessBase"]
[SourceQuality "1"]
[WhiteTeam "Azerbaijan"]
[BlackTeam "Greece"]
[WhiteTeamCountry "AZE"]
[BlackTeamCountry "GRE"]

1. d4 Nf6 2. c4 e6 3. Nc3 Bb4 4. Nf3 O-O 5. Bg5 c5 6. Rc1 h6 7. Bxf6 Qxf6 8. a3 Bxc3+ 9. Rxc3 d6 10. e3 Nc6 11. dxc5 dxc5 12. Qd6 Rd8 13. Qf4 Qe7 14. Ne5 Nxe5 15. Qxe5 b6 16. Bd3 Bb7 17. O-O Rd7 18. Be4 Bxe4 19. Qxe4 Rad8 20. Rc2 Rd3 21. g3 Qd7 22. Rcc1 Qa4 23. h4 Rd2 24. Rb1 Qb3 25. Qb7 Qxc4 26. Qxa7 Qb3 27. Qc7 R8d5 28. Qb8+ Kh7 29. a4 Qxa4 30. Qxb6 Qe4 31. Rbc1 Rf5 32. Qc7 Qf3 33. Kh2 Rxf2+ 34. Rxf2 Qxf2+ 35. Kh3 Qxe3 0-1

[Event "World Youth U-16 Olympiad 2018"]
[Site "Konya"]
[Date "2018.11.30"]
[Round "7"]
[White "Gorshtein, Ido"]
[Black "Kamer, Kayra"]
[Result "1-0"]
[WhiteElo "2390"]
[BlackElo "2290"]
[Annotator "TA"]
[PlyCount "109"]
[EventDate "2018.11.25"]
[EventType "team-tourn"]
[EventCountry "TUR"]
[SourceTitle "playchess.com"]
[Source "ChessBase"]
[SourceQuality "1"]
[WhiteTeam "Israel"]
[BlackTeam "Turkey"]
[WhiteTeamCountry "ISR"]
[BlackTeamCountry "TUR"]

1. c4 g6 2. Nc3 Bg7 3. g3 c5 4. Bg2 Nc6 5. e3 e6 6. Nge2 Nge7 7. O-O O-O 8. d4 cxd4 9. exd4 d5 10. cxd5 Nxd5 11. Nxd5 exd5 12. Be3 Bg4 13. Qd2 Bxe2 14. Qxe2 Bxd4 15. Bxd4 Nxd4 16. Qd3 Qb6 17. Rfd1 Ne6 18. Qxd5 Rad8 19. Qb3 Rxd1+ 20. Rxd1 Qxb3 21. axb3 Rb8 22. Rd7 Nd8 23. b4 a6 24. Rc7 Kf8 25. Bd5 b5 26. Kg2 Rb6 27. Kf3 Kg7 28. Ke4 Kf6 29. f4 h5 30. h3 Ne6 31. Ra7 Rd6 32. b3 Rb6 33. g4 hxg4 34. hxg4 Rd6 35. g5+ Kg7 36. Ke5 Rb6 37. Rb7 Rxb7 38. Bxb7 Kf8 39. Bxa6 Nc7 40. Bb7 Ke7 41. Bc6 Na6 42. Bxb5 Nxb4 43. Kd4 f6 44. Kc5 Na2 45. Bd3 Nc1 46. Bc4 fxg5 47. fxg5 Na2 48. Bd3 Nc1 49. Kc4 Kd6 50. b4 Ke5 51. b5 Kd6 52. Bf1 Kc7 53. Kc3 Na2+ 54. Kb3 Nc1+ 55. Kb2 1-0

[Event "World Youth U-16 Olympiad 2018"]
[Site "Konya"]
[Date "2018.11.30"]
[Round "7"]
[White "Degraeve, Remy"]
[Black "Petriashvili, Nikoloz"]
[Result "0-1"]
[WhiteElo "2384"]
[BlackElo "2389"]
[Annotator "TA"]
[PlyCount "66"]
[EventDate "2018.11.25"]
[EventType "team-tourn"]
[EventCountry "TUR"]
[SourceTitle "playchess.com"]
[Source "ChessBase"]
[SourceQuality "1"]
[WhiteTeam "France"]
[BlackTeam "Georgia"]
[WhiteTeamCountry "FRA"]
[BlackTeamCountry "GEO"]

1. d4 Nf6 2. c4 e5 3. dxe5 Ng4 4. Bf4 Nc6 5. Nf3 Bb4+ 6. Nbd2 Qe7 7. e3 Ngxe5 8. Nxe5 Nxe5 9. Be2 O-O 10. O-O a5 11. Nb3 d6 12. a3 Bc5 13. Nxc5 dxc5 14. Qc2 Re8 15. Rad1 Ra6 16. Rd2 Re6 17. Rfd1 b6 18. Bg3 Bb7 19. Bd3 Nxd3 20. Rxd3 Be4 21. Qc3 Bxd3 22. Qxd3 h5 23. Qd5 h4 24. Bf4 Rg6 25. Kf1 c6 26. Qd3 h3 27. g3 Re6 28. Rd2 g5 29. Bd6 Qf6 30. Ke2 Rd8 31. Qb3 Rdxd6 32. Rxd6 Rxd6 33. Qxb6 g4 0-1

[Event "World Youth U-16 Olympiad 2018"]
[Site "Konya"]
[Date "2018.11.30"]
[Round "7"]
[White "Can, Isik"]
[Black "Nogerbek, Kazybek"]
[Result "0-1"]
[WhiteElo "2382"]
[BlackElo "2316"]
[Annotator "TA"]
[PlyCount "124"]
[EventDate "2018.11.25"]
[EventType "team-tourn"]
[EventCountry "TUR"]
[SourceTitle "playchess.com"]
[Source "ChessBase"]
[SourceQuality "1"]
[WhiteTeam "Turkey"]
[BlackTeam "Kazakhstan"]
[WhiteTeamCountry "TUR"]
[BlackTeamCountry "KAZ"]

1. e4 e6 2. d4 d5 3. Nc3 Bb4 4. e5 b6 5. Qg4 Bf8 6. Nf3 a5 7. Bg5 Qd7 8. Be2 Ba6 9. O-O h6 10. Be3 Ne7 11. a4 Nf5 12. Qh3 Bb4 13. Bxa6 Nxa6 14. Ne2 c5 15. c3 cxd4 16. Nfxd4 Nxd4 17. Nxd4 Be7 18. f4 g6 19. Nb5 Nc5 20. Bxc5 bxc5 21. c4 d4 22. Ra3 Qc6 23. Qd3 O-O 24. Qc2 Kg7 25. Rh3 Rad8 26. Qd2 Qe4 27. Nd6 Bxd6 28. f5 g5 29. f6+ Kh7 30. exd6 Qg6 31. Qxa5 Rxd6 32. Qxc5 Rfd8 33. Qa5 d3 34. Qd2 e5 35. c5 Ra6 36. a5 e4 37. Re3 Rxf6 38. Rfe1 Re6 39. a6 f5 40. Qa5 Qf6 41. a7 Qd4 42. a8=Q Rxa8 43. Qxa8 d2 44. Qa7+ Kg6 45. Kf1 dxe1=Q+ 46. Rxe1 e3 47. Qa1 Qxc5 48. Qd1 Qe5 49. Qf3 Qxb2 50. h4 e2+ 51. Rxe2 Qxe2+ 52. Qxe2 Rxe2 53. Kxe2 gxh4 54. Ke3 Kg5 55. Kf3 f4 56. Ke2 Kg4 57. Kf2 h5 58. Ke2 Kg3 59. Kf1 h3 60. Kg1 h4 61. gxh3 f3 62. Kh1 Kf2 0-1

[Event "World Youth U-16 Olympiad 2018"]
[Site "Konya"]
[Date "2018.11.30"]
[Round "7"]
[White "Pogosyan, Stefan"]
[Black "Sankalp Gupta"]
[Result "0-1"]
[WhiteElo "2381"]
[BlackElo "2352"]
[Annotator "TA"]
[PlyCount "140"]
[EventDate "2018.11.25"]
[EventType "team-tourn"]
[EventCountry "TUR"]
[SourceTitle "playchess.com"]
[Source "ChessBase"]
[SourceQuality "1"]
[WhiteTeam "Russia"]
[BlackTeam "India"]
[WhiteTeamCountry "RUS"]
[BlackTeamCountry "IND"]

1. d4 Nf6 2. c4 e6 3. Nc3 Bb4 4. Qc2 d5 5. a3 Bxc3+ 6. Qxc3 O-O 7. Bg5 c5 8. dxc5 d4 9. Qc2 Nbd7 10. b4 h6 11. Bh4 e5 12. Nf3 Qe7 13. g4 Qe6 14. h3 b6 15. Bg2 Rb8 16. cxb6 Nxb6 17. c5 Nbd5 18. Bg3 Ba6 19. Bxe5 d3 20. Qb2 dxe2 21. Bxb8 Rxb8 22. Qe5 Rd8 23. Qxe6 fxe6 24. Ne5 Nc3 25. Bf3 Nfe4 26. c6 Rd5 27. Ng6 Rd3 28. Bxe2 Nxe2 29. b5 Bxb5 30. c7 Ba6 31. c8=Q+ Bxc8 32. Ne7+ Kf8 33. Nxc8 Nd4 34. Nxa7 e5 35. a4 Nc2+ 36. Ke2 Rd2+ 37. Kf3 Nxf2 38. Rhe1 Nxh3 39. Red1 Ng5+ 40. Kg3 Ne4+ 41. Kf3 Nxa1 42. Rxa1 Nc3 43. Ke3 Rd4 44. a5 Nd5+ 45. Kf2 e4 46. a6 e3+ 47. Kf3 Rf4+ 48. Kg3 e2 49. Re1 Ra4 50. Rxe2 Ra3+ 51. Kf2 Rxa6 52. Nb5 Nf6 53. g5 hxg5 54. Nc7 Ra5 55. Ne6+ Kf7 56. Nd4 Ra3 57. Nc2 Rc3 58. Ne3 Kg6 59. Ra2 g4 60. Ra5 g3+ 61. Ke2 Rb3 62. Ng2 Ne4 63. Re5 Ng5 64. Nf4+ Kf6 65. Ra5 Rb2+ 66. Ke3 g2 67. Ra1 Kf5 68. Nd3 Rb3 69. Rg1 Rxd3+ 70. Kxd3 Nh3 0-1

[Event "World Youth U-16 Olympiad 2018"]
[Site "Konya"]
[Date "2018.11.30"]
[Round "7"]
[White "Spyropoulos, Nikolaos"]
[Black "Muradli, Mahammad"]
[Result "0-1"]
[WhiteElo "2378"]
[BlackElo "2420"]
[Annotator "TA"]
[PlyCount "94"]
[EventDate "2018.11.25"]
[EventType "team-tourn"]
[EventCountry "TUR"]
[SourceTitle "playchess.com"]
[Source "ChessBase"]
[SourceQuality "1"]
[WhiteTeam "Greece"]
[BlackTeam "Azerbaijan"]
[WhiteTeamCountry "GRE"]
[BlackTeamCountry "AZE"]

1. e4 c5 2. Nf3 d6 3. d4 cxd4 4. Nxd4 Nf6 5. Nc3 a6 6. Be2 e5 7. Nf3 h6 8. Nd2 Qc7 9. Nc4 Be6 10. Ne3 Nbd7 11. O-O Rc8 12. Ncd5 Bxd5 13. exd5 g6 14. a4 Bg7 15. a5 O-O 16. c4 e4 17. Qc2 Rfe8 18. Ra3 Ne5 19. b4 Qd8 20. Kh1 Nfd7 21. f4 Nd3 22. Bxd3 exd3 23. Qxd3 Qe7 24. Qd1 Qe4 25. Rd3 f5 26. Ba3 Kh8 27. Qd2 h5 28. c5 dxc5 29. bxc5 Nxc5 30. Bxc5 Rxc5 31. d6 Rd8 32. d7 Rc7 33. Rd6 Rc6 34. Rxc6 bxc6 35. Re1 Qxf4 36. Qd3 Be5 37. Nf1 Kg7 38. Qxa6 Rxd7 39. Qxc6 Rc7 40. Qb5 Bd4 41. Qe2 Bc3 42. Rd1 Bxa5 43. Ne3 Qe4 44. Qf2 Bc3 45. h3 Bf6 46. Qd2 Rc3 47. Nd5 Rc2 0-1

[Event "World Youth U-16 Olympiad 2018"]
[Site "Konya"]
[Date "2018.11.30"]
[Round "7"]
[White "Davtyan, Artur"]
[Black "Ceres, Dragos"]
[Result "1/2-1/2"]
[WhiteElo "2374"]
[BlackElo "2324"]
[Annotator "RC"]
[PlyCount "58"]
[EventDate "2018.11.25"]
[EventType "team-tourn"]
[EventCountry "TUR"]
[SourceTitle "playchess.com"]
[Source "ChessBase"]
[SourceQuality "1"]
[WhiteTeam "Armenia"]
[BlackTeam "Moldova"]
[WhiteTeamCountry "ARM"]
[BlackTeamCountry "MDA"]

1. d4 Nf6 2. c4 e6 3. Nf3 Bb4+ 4. Nbd2 O-O 5. a3 Bxd2+ 6. Bxd2 b6 7. Bg5 Bb7 8. e3 d6 9. Be2 Nbd7 10. O-O h6 11. Bh4 g5 12. Bg3 Ne4 13. Nd2 Nxg3 14. hxg3 f5 15. Bf3 Bxf3 16. gxf3 c5 17. Qa4 Qc7 18. Rad1 Rac8 19. Nb1 cxd4 20. exd4 Qc6 21. Qxc6 Rxc6 22. Rfe1 Rxc4 23. Rxe6 Rf6 24. Re2 Nf8 25. Nc3 Re6 26. Rxe6 Nxe6 27. Nb5 d5 28. b3 Rc6 29. Re1 Kf7 1/2-1/2

[Event "World Youth U-16 Olympiad 2018"]
[Site "Konya"]
[Date "2018.11.30"]
[Round "7"]
[White "Lashkin, Jegor"]
[Black "Barseghyan, Armen Ar."]
[Result "1/2-1/2"]
[WhiteElo "2367"]
[BlackElo "2386"]
[Annotator "TA"]
[PlyCount "66"]
[EventDate "2018.11.25"]
[EventType "team-tourn"]
[EventCountry "TUR"]
[SourceTitle "playchess.com"]
[Source "ChessBase"]
[SourceQuality "1"]
[WhiteTeam "Moldova"]
[BlackTeam "Armenia"]
[WhiteTeamCountry "MDA"]
[BlackTeamCountry "ARM"]

1. Nf3 c5 2. c4 Nf6 3. Nc3 g6 4. e4 Nc6 5. d4 cxd4 6. Nxd4 Nxd4 7. Qxd4 d6 8. Be2 Bg7 9. Be3 O-O 10. Qd2 a5 11. O-O a4 12. f3 Be6 13. Rfc1 Nd7 14. Rab1 Qa5 15. Nd5 Bxd5 16. Qxa5 Rxa5 17. cxd5 Nc5 18. Bg5 Re8 19. g4 b5 20. Bd2 Ra7 21. Be3 b4 22. Kf1 Rc8 23. Rc4 a3 24. b3 Bc3 25. Bd4 Bxd4 26. Rxd4 Rb8 27. g5 Kg7 28. Kf2 h6 29. h4 Rc7 30. Rc4 Rcc8 31. Rd1 hxg5 32. hxg5 Rh8 33. Kg3 Rb7 1/2-1/2

[Event "World Youth U-16 Olympiad 2018"]
[Site "Konya"]
[Date "2018.11.30"]
[Round "7"]
[White "Kacharava, Nikolozi"]
[Black "Harutyunyan, Ruben"]
[Result "1/2-1/2"]
[WhiteElo "2356"]
[BlackElo "2344"]
[Annotator "ChessBase"]
[PlyCount "91"]
[EventDate "2018.11.25"]
[EventType "team-tourn"]
[EventCountry "TUR"]
[SourceTitle "playchess.com"]
[Source "ChessBase"]
[SourceQuality "1"]
[WhiteTeam "Georgia"]
[BlackTeam "France"]
[WhiteTeamCountry "GEO"]
[BlackTeamCountry "FRA"]

1. e4 c5 2. Nf3 Nc6 3. d4 cxd4 4. Nxd4 Nf6 5. Nc3 d6 6. f3 e5 7. Nb3 Be7 8. Be3 O-O 9. Qd2 a5 10. Bb5 Na7 11. Bd3 Nc6 12. a3 a4 13. Nc1 Be6 14. N1e2 Na5 15. Rd1 Nc4 16. Bxc4 Bxc4 17. Ng3 Be6 18. O-O Qd7 19. Bg5 Rfc8 20. Rf2 b5 21. Nd5 Bxd5 22. Bxf6 Bxf6 23. Qxd5 g6 24. Kh1 Qa7 25. Re2 Rc5 26. Qa2 Qc7 27. c3 Bg5 28. Ree1 Rd8 29. Rd5 Bh4 30. Red1 Bxg3 31. hxg3 Qe7 32. Qb1 Qg5 33. Kh2 Qh6+ 34. Kg1 Qe3+ 35. Kf1 Qg5 36. Kf2 h5 37. Rxd6 Rxd6 38. Rxd6 h4 39. gxh4 Qxh4+ 40. Kg1 Kg7 41. Qf1 Rc8 42. Qf2 Qh6 43. Qd2 Qh4 44. Qf2 Qh6 45. Qd2 Qh4 46. Qf2 1/2-1/2

[Event "World Youth U-16 Olympiad 2018"]
[Site "Konya"]
[Date "2018.11.30"]
[Round "7"]
[White "Daghli, Arash"]
[Black "Stearman, Josiah"]
[Result "1/2-1/2"]
[WhiteElo "2352"]
[BlackElo "2309"]
[Annotator "TA"]
[PlyCount "55"]
[EventDate "2018.11.25"]
[EventType "team-tourn"]
[EventCountry "TUR"]
[SourceTitle "playchess.com"]
[Source "ChessBase"]
[SourceQuality "1"]
[WhiteTeam "Iran"]
[BlackTeam "United States"]
[WhiteTeamCountry "IRI"]
[BlackTeamCountry "USA"]

1. e4 c5 2. Nf3 Nc6 3. d4 cxd4 4. Nxd4 g6 5. Nc3 Bg7 6. Be3 Nf6 7. Bc4 O-O 8. Bb3 Re8 9. h3 e6 10. O-O d5 11. exd5 Nxd5 12. Nxd5 exd5 13. c3 Be6 14. Qd2 Qa5 15. f4 Rad8 16. Rae1 Bd7 17. Qf2 Nxd4 18. Bxd4 Bb5 19. Rxe8+ Rxe8 20. Rd1 Bxd4 21. Qxd4 Bc4 22. Bxc4 dxc4 23. Qxc4 Qb6+ 24. Kh2 Qxb2 25. Rd7 Rf8 26. a4 Qb6 27. Qb4 Qc6 28. Rxb7 1/2-1/2

[Event "World Youth U-16 Olympiad 2018"]
[Site "Konya"]
[Date "2018.11.30"]
[Round "7"]
[White "Koustav Chatterjee"]
[Black "Murzin, Volodar"]
[Result "0-1"]
[WhiteElo "2346"]
[BlackElo "2340"]
[Annotator "ChessBase"]
[PlyCount "110"]
[EventDate "2018.11.25"]
[EventType "team-tourn"]
[EventCountry "TUR"]
[SourceTitle "playchess.com"]
[Source "ChessBase"]
[SourceQuality "1"]
[WhiteTeam "India"]
[BlackTeam "Russia"]
[WhiteTeamCountry "IND"]
[BlackTeamCountry "RUS"]

1. d4 Nf6 2. c4 g6 3. Nc3 Bg7 4. e4 O-O 5. Nf3 d6 6. h3 e5 7. d5 Na6 8. Be3 Nc5 9. Nd2 a5 10. a3 Bd7 11. g4 a4 12. Be2 c6 13. g5 Ne8 14. h4 cxd5 15. cxd5 f5 16. h5 f4 17. Bxc5 dxc5 18. hxg6 hxg6 19. Bg4 Nd6 20. Be6+ Bxe6 21. dxe6 Qe7 22. Nd5 Qxe6 23. Nc7 Qf7 24. Nxa8 Rxa8 25. Rc1 c4 26. Qe2 b5 27. Rd1 Qb7 28. Rh2 Qc6 29. Kf1 Rf8 30. Qg4 Re8 31. Nf3 Nxe4 32. Rd7 Nd6 33. Qh3 Nf7 34. Ra7 Kf8 35. Qd7 Qxd7 36. Rxd7 Rd8 37. Rxd8+ Nxd8 38. Nd2 e4 39. Nxe4 Bxb2 40. f3 Bxa3 41. Rh8+ Ke7 42. Nc3 Bb2 43. Rh7+ Nf7 44. Nd5+ Kd6 45. Nb4 Nxg5 46. Rb7 Kc5 47. Na6+ Kc6 48. Rb8 Ba3 49. Ke2 Bd6 50. Rg8 Kb7 51. Rxg6 Nf7 52. Rf6 Kxa6 53. Rxf7 a3 54. Rf6 a2 55. Rxd6+ Ka5 0-1

[Event "World Youth U-16 Olympiad 2018"]
[Site "Konya"]
[Date "2018.11.30"]
[Round "7"]
[White "Thilakarathne, G M H"]
[Black "Wachinger, Nikolas"]
[Result "1/2-1/2"]
[WhiteElo "2346"]
[BlackElo "2338"]
[Annotator "RC"]
[PlyCount "35"]
[EventDate "2018.11.25"]
[EventType "team-tourn"]
[EventCountry "TUR"]
[SourceTitle "playchess.com"]
[Source "ChessBase"]
[SourceQuality "1"]
[WhiteTeam "Sri Lanka"]
[BlackTeam "Germany"]
[WhiteTeamCountry "SRI"]
[BlackTeamCountry "GER"]

1. e4 c5 2. Nf3 d6 3. d4 Nf6 4. Nc3 cxd4 5. Nxd4 a6 6. g3 g6 7. Bg2 Bg7 8. O-O O-O 9. h3 Nc6 10. Be3 Bd7 11. Nde2 Qc8 12. Kh2 Ne5 13. Bg5 Be6 14. a4 h6 15. Bc1 Qc5 16. Nf4 Bc4 17. Be3 Qb4 18. Nd3 1/2-1/2

[Event "World Youth U-16 Olympiad 2018"]
[Site "Konya"]
[Date "2018.11.30"]
[Round "7"]
[White "Budisavljevic, Luka"]
[Black "Jakab, Bela"]
[Result "1-0"]
[WhiteElo "2344"]
[BlackElo "2290"]
[Annotator "TA"]
[PlyCount "55"]
[EventDate "2018.11.25"]
[EventType "team-tourn"]
[EventCountry "TUR"]
[SourceTitle "playchess.com"]
[Source "ChessBase"]
[SourceQuality "1"]
[WhiteTeam "Serbia"]
[BlackTeam "Slovakia"]
[WhiteTeamCountry "SRB"]
[BlackTeamCountry "SVK"]

1. d4 d5 2. Bf4 c5 3. e3 Nc6 4. c3 Nf6 5. Nd2 e6 6. Ngf3 Bd6 7. Bg3 O-O 8. Bd3 Re8 9. Ne5 Qc7 10. f4 Rb8 11. Bh4 Be7 12. Qf3 b5 13. Qh3 h6 14. g4 Nxe5 15. fxe5 Ne4 16. Bxe7 Qxe7 17. Nxe4 dxe4 18. Bxe4 b4 19. O-O bxc3 20. bxc3 cxd4 21. exd4 Rb2 22. Rfb1 Qa3 23. g5 h5 24. g6 f5 25. Bc6 Bb7 26. Bxe8 Rg2+ 27. Qxg2 Bxg2 28. Rb8 1-0

[Event "World Youth U-16 Olympiad 2018"]
[Site "Konya"]
[Date "2018.11.30"]
[Round "7"]
[White "Galperin, Platon"]
[Black "Sindarov, Javokhir"]
[Result "1/2-1/2"]
[WhiteElo "2334"]
[BlackElo "2513"]
[Annotator "TA"]
[PlyCount "48"]
[EventDate "2018.11.25"]
[EventType "team-tourn"]
[EventCountry "TUR"]
[SourceTitle "playchess.com"]
[Source "ChessBase"]
[SourceQuality "1"]
[WhiteTeam "Ukraine"]
[BlackTeam "Uzbekistan"]
[WhiteTeamCountry "UKR"]
[BlackTeamCountry "UZB"]

1. c4 Nf6 2. Nc3 g6 3. Nf3 Bg7 4. g3 O-O 5. Bg2 d5 6. cxd5 Nxd5 7. O-O Nc6 8. d4 Nb6 9. e3 Re8 10. h3 e5 11. d5 Na5 12. e4 c6 13. Bg5 f6 14. Be3 Nbc4 15. Qe2 Nxe3 16. Qxe3 Nc4 17. Qc5 Nb6 18. dxc6 Bf8 19. Qb5 bxc6 20. Qxc6 Bd7 21. Qb7 Bc8 22. Qc6 Bd7 23. Qb7 Bc8 24. Qc6 Bd7 1/2-1/2

[Event "World Youth U-16 Olympiad 2018"]
[Site "Konya"]
[Date "2018.11.30"]
[Round "7"]
[White "Zhalmakhanov, Ramazan"]
[Black "Nalbant, Tuna Onat"]
[Result "0-1"]
[WhiteElo "2316"]
[BlackElo "2194"]
[Annotator "RC"]
[PlyCount "64"]
[EventDate "2018.11.25"]
[EventType "team-tourn"]
[EventCountry "TUR"]
[SourceTitle "playchess.com"]
[Source "ChessBase"]
[SourceQuality "1"]
[WhiteTeam "Kazakhstan"]
[BlackTeam "Turkey"]
[WhiteTeamCountry "KAZ"]
[BlackTeamCountry "TUR"]

1. e4 c5 2. Nf3 d6 3. d4 cxd4 4. Nxd4 Nf6 5. Nc3 a6 6. Bc4 e6 7. O-O b5 8. Bb3 Be7 9. f4 O-O 10. e5 dxe5 11. fxe5 Nfd7 12. Be3 Nxe5 13. Qh5 Nbc6 14. Nxc6 Nxc6 15. Rf3 Qd6 16. Rh3 h6 17. Rg3 Qe5 18. Qxe5 Nxe5 19. Bxh6 Ng6 20. Be3 Nh4 21. Rf1 Bd6 22. Rg4 Nf5 23. Ne4 Be7 24. Bf4 Bb7 25. Be5 Bxe4 26. Rxf5 Bc5+ 27. Kh1 Bxf5 28. Rxg7+ Kh8 29. Rxf7+ Kg8 30. Rxf5 Rxf5 31. Bxe6+ Rf7 32. g4 Re8 0-1

[Event "World Youth U-16 Olympiad 2018"]
[Site "Konya"]
[Date "2018.11.30"]
[Round "7"]
[White "Pajeken, Jakob Leon"]
[Black "Piyumantha, M Sasith Nipun"]
[Result "1/2-1/2"]
[WhiteElo "2314"]
[BlackElo "2167"]
[Annotator "RC"]
[PlyCount "49"]
[EventDate "2018.11.25"]
[EventType "team-tourn"]
[EventCountry "TUR"]
[SourceTitle "playchess.com"]
[Source "ChessBase"]
[SourceQuality "1"]
[WhiteTeam "Germany"]
[BlackTeam "Sri Lanka"]
[WhiteTeamCountry "GER"]
[BlackTeamCountry "SRI"]

1. d4 Nf6 2. Nf3 d5 3. Bf4 c5 4. e3 Nc6 5. Nbd2 e6 6. c3 Bd6 7. Bg3 O-O 8. Bd3 b6 9. Qe2 Bb7 10. Rd1 Qc7 11. e4 dxe4 12. Nxe4 Nxe4 13. Bxe4 cxd4 14. Nxd4 Bxg3 15. hxg3 h6 16. Nb5 Qe7 17. Nd6 Rad8 18. Nxb7 Qxb7 19. O-O Qc8 20. Bd3 g6 21. Ba6 Qb8 22. Qe4 Ne7 23. g4 Nd5 24. Bc4 Nf6 25. Qf3 1/2-1/2

[Event "World Youth U-16 Olympiad 2018"]
[Site "Konya"]
[Date "2018.11.30"]
[Round "7"]
[White "Katopodis, Dimitrios"]
[Black "Ibrahimli, Murad"]
[Result "1/2-1/2"]
[WhiteElo "2310"]
[BlackElo "2379"]
[Annotator "RC"]
[PlyCount "126"]
[EventDate "2018.11.25"]
[EventType "team-tourn"]
[EventCountry "TUR"]
[SourceTitle "playchess.com"]
[Source "ChessBase"]
[SourceQuality "1"]
[WhiteTeam "Greece"]
[BlackTeam "Azerbaijan"]
[WhiteTeamCountry "GRE"]
[BlackTeamCountry "AZE"]

1. d4 Nf6 2. Nf3 g6 3. c4 Bg7 4. Nc3 O-O 5. e4 d6 6. h3 e5 7. d5 Nh5 8. g3 Qe8 9. Be2 f5 10. exf5 gxf5 11. Nh4 Nf6 12. Bg5 Na6 13. Qc2 Nc5 14. O-O-O Bd7 15. Be3 e4 16. Rhg1 a5 17. g4 fxg4 18. hxg4 Nd3+ 19. Bxd3 exd3 20. Qxd3 Nxg4 21. Bd4 Qh5 22. Bxg7 Kxg7 23. Qd4+ Kf7 24. Ng2 Qh6+ 25. Ne3 Rg8 26. Rh1 Qg6 27. Nxg4 Bxg4 28. Qf4+ Ke7 29. Rde1+ Kd7 30. f3 Bf5 31. Rhg1 Qf7 32. c5 Rxg1 33. Rxg1 dxc5 34. Nb5 Rc8 35. Qe5 Bg6 36. Re1 Bd3 37. Rg1 Bg6 38. f4 a4 39. f5 Qxf5 40. Qxf5+ Bxf5 41. Rg7+ Ke8 42. d6 Kf8 43. Rxc7 Rd8 44. Rxc5 Bd3 45. Rd5 Bc4 46. Rf5+ Kg7 47. Rc5 Bxa2 48. Rc7+ Kg6 49. Rxb7 h5 50. Nc3 Bb3 51. Kd2 Rxd6+ 52. Ke3 Re6+ 53. Kf2 Rd6 54. Ke3 h4 55. Rb4 Kh5 56. Ne4 Rd1 57. Nf6+ Kg6 58. Ne4 h3 59. Nf2 Rg1 60. Rh4 Be6 61. Rxa4 Rg3+ 62. Kf4 Rb3 63. Ra3 Bc8 1/2-1/2